00349nam a2200145Ia 4500003000400000008004100004040001600045082001300061100001700074245003500091260003000126300001000156650001500166650002200181GCL140319s9999 xx 000 0 eng d aGCL / cGCL04a843bD T1 aDEON, MICHEL10aUN TAXI MAUVE / cDEON, MICHEL a[S.N] : bFOLIO ، c1995 a441 P04aLITERATURE04aFRENCH LITERATURE